000 00588nam a22001697a 4500
005 20251108171759.0
008 250721s1986 xx 000 0 ara d
082 1 4 _a418.02/حمز
100 1 _aالحمزاوي، محمد رشاد
245 1 0 _aالمنهجية العامة لترجمة المصطلحات و توحيدها و تنميطها الميدان العربي /
264 1 _aبيروت :
_bدار الغرب الإسلامي،
_c1986.
300 _a130ص
650 1 7 _aعلم اللغة المقارن
650 1 7 _aالترجمة
942 _2ddc
_cBK
999 _c62317
_d62317